[Event "SVK-chT4 A22 1415"]
[Site "Slovakia"]
[Date "2015.02.15"]
[Round "9.4"]
[White "Tupy, Bystrik"]
[Black "Bugar, Peter"]
[Result "1-0"]
[WhiteElo "1782"]
[BlackElo "1582"]
[PlyCount "81"]
[EventDate "2014.10.12"]
[EventType "team-tourn"]
[EventRounds "11"]
[EventCountry "SVK"]
[SourceTitle "EXT 2019"]
[Source "ChessBase"]
[SourceDate "2018.10.10"]
[SourceVersion "1"]
[SourceVersionDate "2018.10.10"]
[SourceQuality "1"]

1. e4 c5 2. Nf3 d6 3. d4 Nf6 4. dxc5 Nxe4 5. cxd6 Nxd6 6. Bf4 Nc6 7. Nc3 Bg4 8. Be2 Qb6 9. Rb1 Rd8 10. 0-0 e6 11. Be3 Qc7 12. Nd4 Bf5 13. Bd3 Nxd4 14. Bxd4 a6 15. Be5 Qa5 16. Qe2 Bxd3 17. cxd3 Nb5 18. a3 Nd4 19. Qe4 Nc6 20. Bg3 Rd7 21. f4 Bc5+ 22. Bf2 Bxf2+ 23. Rxf2 0-0 24. f5 Rd4 25. Qe2 exf5 26. Rbf1 g6 27. Qe3 Qd8 28. Qh6 Rh4 29. Qe3 Re8 30. Qg3 Rg4 31. Qf3 Rd4 32. Rd1 Qc8 33. h3 Ne5 34. Qg3 Nc6 35. Rdf1 Kh8 36. Qg5 Re6 37. g4 Ne7 38. Ne2 Rd8 39. Nf4 f6 40. Qh6 Ng8 41. Nxg6# 1-0